000
00206nam a22000857a 4500
008
170111b xxu||||| |||| 00| 0 eng d
100
_9
2327
_a
Gupta.V.
245
_a
Computer Science.v.
260
_b
Brittanica
_c
2010
999
_c
5261
_d
5261